MARC

LEADER 00000nam0a2200000 4500
001 365641
005 20231102011814.0
035 |a (RuTPU)RU\TPU\retro\23004 
090 |a 365641 
100 |a 20220114d1981 k y0rusy50 ca 
101 0 |a rus 
102 |a RU 
105 |a a z 001zy 
200 1 |a Оптимизация по моменту трения сборки чувствительных шарикоподшипников  |e монография  |f А. В. Фузеев 
210 |a Саратов  |c Изд-во Саратовского ун-та  |d 1981 
215 |a 121 с.  |c ил. 
320 |a Библиогр.: с. 119 
606 1 |a Шарикоподшипники  |2 stltpush  |3 (RuTPU)RU\TPU\subj\18974  |9 44312 
610 1 |a чувствительные шарикоподшипники 
610 1 |a контактные нагрузки 
610 1 |a вибрация 
610 1 |a невесомость 
610 1 |a трение скольжения 
610 1 |a моменты 
610 1 |a силы 
610 1 |a статические характеристики 
610 1 |a математические модели 
610 1 |a малые скорости 
610 1 |a сопротивление вращению 
610 1 |a гироузлы 
610 1 |a сборка 
610 1 |a монографии 
675 |a 621.822.7  |v 4 
700 1 |a Фузеев  |b А. В.  |g Александр Васильевич 
801 1 |a RU  |b 63413507  |c 20220114 
942 |c BK